[Event "Asia zt 3.2 (Women)"]
[Site "Dhaka"]
[Date "2023.05.09"]
[Round "8"]
[White "Parveen, Tanima"]
[Black "Fatiha, Eyenoon Diya"]
[Result "1-0"]
[WhiteElo "1961"]
[BlackElo "1146"]
[PlyCount "55"]
[EventDate "2023.05.02"]
[EventType "tourn"]
[EventRounds "9"]
[EventCountry "BAN"]
[SourceTitle "CBM 215 Extra"]
[Source "ChessBase"]
[SourceDate "2023.09.30"]
[SourceVersion "1"]
[SourceVersionDate "2023.09.30"]
[SourceQuality "1"]

1. e4 e5 2. Nf3 Nc6 3. Bc4 Nf6 4. d3 d6 5. Ng5 Bg4 6. Bxf7+ Ke7 7. f3 h6 8. fxg4 hxg5 9. Bb3 Nh7 10. 0-0 Qd7 11. Rf7+ Ke8 12. Rxd7 Kxd7 13. Qf3 Nf6 14. Qf5+ Kd8 15. Bxg5 Be7 16. c3 Rf8 17. Qg6 Nxg4 18. Bxe7+ Nxe7 19. Qxg4 g6 20. Nd2 c5 21. Qe6 Nc8 22. Ba4 Nb6 23. Qxd6+ Kc8 24. Qxf8+ Kc7 25. Qe7+ Kc8 26. Rf1 Kb8 27. Rf8+ Nc8 28. Qxe5# 1-0

[Event "BAN-chT Walton (Women)"]
[Site "Dhaka"]
[Date "2023.03.25"]
[Round "4"]
[White "Fatiha, Eyenoon Diya"]
[Black "Varshini, Veileven"]
[Result "0-1"]
[WhiteElo "1165"]
[BlackElo "2117"]
[PlyCount "94"]
[EventDate "2023.03.22"]
[EventType "team-tourn"]
[EventRounds "7"]
[EventCountry "BAN"]
[SourceTitle "CBM 213 Extra"]
[Source "ChessBase"]
[SourceDate "2023.05.31"]
[SourceVersion "1"]
[SourceVersionDate "2023.05.31"]
[SourceQuality "1"]
[WhiteTeam "Sheikh Russel (W)"]
[BlackTeam "Bangladesh Police (W)"]
[WhiteTeamCountry "BAN"]
[BlackTeamCountry "BAN"]

1. d4 d5 2. c4 e6 3. Nc3 Nf6 4. Nf3 Be7 5. Bf4 0-0 6. e3 a6 7. Bd3 dxc4 8. Bxc4 b5 9. Bd3 Bb7 10. e4 b4 11. e5 bxc3 12. exf6 Bxf6 13. bxc3 h6 14. Qc2 Bxf3 15. gxf3 Bg5 16. Bg3 Nd7 17. 0-0 Kh8 18. Rfe1 Nb6 19. f4 Bf6 20. Be4 Rb8 21. f5 exf5 22. Bxf5 Be7 23. Rab1 Bd6 24. Bd3 Ra8 25. c4 Bxg3 26. hxg3 Qxd4 27. Re4 Qc5 28. Rbe1 Rad8 29. Re5 Qd4 30. c5 Qxd3 31. Qxd3 Rxd3 32. cxb6 cxb6 33. Re8 Rxe8 34. Rxe8+ Kh7 35. Re7 Ra3 36. Rxf7 Rxa2 37. f4 a5 38. Rb7 Rb2 39. f5 Kg8 40. Rb8+ Kf7 41. Rb7+ Kf6 42. g4 a4 43. Ra7 Rb4 44. g5+ hxg5 45. Rb7 a3 46. Ra7 Rb3 47. Ra6 Kxf5 0-1

[Event "BAN-ch (Women)"]
[Site "Dhaka"]
[Date "2022.01.03"]
[Round "6"]
[White "Hamid, Rani"]
[Black "Fatiha, Eyenoon Diya"]
[Result "1-0"]
[WhiteElo "1864"]
[BlackElo "1207"]
[PlyCount "81"]
[EventDate "2021.12.29"]
[EventType "swiss"]
[EventRounds "11"]
[EventCountry "BAN"]
[SourceTitle "EXT 2023"]
[Source "ChessBase"]
[SourceDate "2022.10.05"]
[SourceVersion "1"]
[SourceVersionDate "2022.10.05"]
[SourceQuality "1"]

1. e4 e5 2. Nf3 Nc6 3. Bb5 a6 4. Ba4 Nf6 5. 0-0 Bc5 6. d3 0-0 7. Bxc6 bxc6 8. Nxe5 d6 9. Nxc6 Qe8 10. Na5 Rb8 11. Nc4 Be6 12. Nbd2 Ng4 13. c3 Nxf2 14. Rxf2 Bxf2+ 15. Kxf2 Qe7 16. Kg1 d5 17. Ne3 Qg5 18. Nf3 Qg6 19. Nxd5 Bxd5 20. exd5 Rfe8 21. d4 Qe4 22. c4 Rb6 23. a4 Reb8 24. Ra3 Rg6 25. Re3 Qg4 26. Qe2 Qd7 27. Ne5 Qxa4 28. Nxg6 hxg6 29. Ra3 Qd7 30. Bf4 Re8 31. Re3 Rxe3 32. Qxe3 Qa4 33. b3 Qa1+ 34. Kf2 Qb2+ 35. Kg3 Qa3 36. Bxc7 Qf8 37. d6 Qc8 38. Qe4 f5 39. Qc6 f4+ 40. Kf3 g5 41. d7 1-0

[Event "BAN-ch (Women)"]
[Site "Dhaka"]
[Date "2022.01.01"]
[Round "4"]
[White "Tasnia Tarannum, Orpa"]
[Black "Fatiha, Eyenoon Diya"]
[Result "1-0"]
[WhiteElo "1618"]
[BlackElo "1207"]
[PlyCount "79"]
[EventDate "2021.12.29"]
[EventType "swiss"]
[EventRounds "11"]
[EventCountry "BAN"]
[SourceTitle "EXT 2023"]
[Source "ChessBase"]
[SourceDate "2022.10.05"]
[SourceVersion "1"]
[SourceVersionDate "2022.10.05"]
[SourceQuality "1"]

1. b4 e5 2. Bb2 Nc6 3. b5 Nd4 4. e3 Nxb5 5. Bxb5 e4 6. Nc3 Nf6 7. Nge2 c6 8. Ba4 d5 9. Nf4 Bf5 10. h3 Bg6 11. Nxg6 hxg6 12. 0-0 Qd7 13. d4 0-0-0 14. Ne2 Qe6 15. Nf4 Qe7 16. Qd2 g5 17. Ne2 Qb4 18. Qxb4 Bxb4 19. Rfc1 Bd6 20. c4 b5 21. cxb5 Kd7 22. Rxc6 Ke7 23. Ng3 g4 24. Nf5+ Ke6 25. Nxg7+ Ke7 26. Nf5+ Ke6 27. Ba3 Ne8 28. hxg4 Kd7 29. Nxd6 Nxd6 30. Rxd6+ Kc7 31. Rc1+ Kb7 32. Rxd8 Rxd8 33. Bb3 Kb6 34. Rc5 Ka5 35. Bxd5 Rb8 36. Bxe4 Rxb5 37. Rxb5+ Kxb5 38. f4 Ka4 39. Bc5 a5 40. Bc6# 1-0

[Event "BAN-chT (Women)"]
[Site "Dhaka"]
[Date "2021.09.11"]
[Round "4.4"]
[White "Israt Jahan, Nishi"]
[Black "Fatiha, Eyenoon Diya"]
[Result "1-0"]
[WhiteElo "1236"]
[BlackElo "1281"]
[PlyCount "109"]
[EventDate "2021.09.08"]
[EventType "team-tourn"]
[EventRounds "9"]
[EventCountry "BAN"]
[SourceTitle "CBM 204 Extra"]
[Source "ChessBase"]
[SourceDate "2021.11.30"]
[SourceVersion "1"]
[SourceVersionDate "2021.11.30"]
[SourceQuality "1"]
[WhiteTeam "Uttara Central CC (W)"]
[BlackTeam "Sultana Kamal Smirity Pathagar (W)"]
[WhiteTeamCountry "BAN"]
[BlackTeamCountry "BAN"]

1. e4 e5 2. Nf3 Nc6 3. Bc4 Bc5 4. c3 Bb6 5. d4 d6 6. h3 Nf6 7. Bg5 h6 8. Bh4 g5 9. Bg3 Nxe4 10. Bb5 Bd7 11. 0-0 a6 12. Ba4 Nf6 13. Bxc6 Bxc6 14. dxe5 Ne4 15. Bh2 Nxf2 16. Rxf2 Bxf2+ 17. Kxf2 Qe7 18. exd6 cxd6 19. Qxd6 Qxd6 20. Bxd6 Rd8 21. Be5 Rg8 22. Bd4 g4 23. Ne5 gxh3 24. Nxc6 hxg2 25. Nd2 bxc6 26. Rg1 c5 27. Re1+ Kd7 28. Bxc5 Kc6 29. Be3 Rde8 30. Kg1 Rg3 31. Bf2 Rxe1+ 32. Bxe1 Rg8 33. Nf3 Kd5 34. Nh4 Ke4 35. c4 Kd3 36. c5 Kc4 37. c6 Rc8 38. Kxg2 Rxc6 39. Nf3 Kd3 40. Ne5+ Kc2 41. Nxc6 Kxb2 42. a4 Kb3 43. a5 Ka4 44. Ne5 f5 45. Kf3 h5 46. Ng6 Kb5 47. Kf4 Ka4 48. Kxf5 Kb5 49. Kg5 Ka4 50. Kxh5 Kb5 51. Kg5 Ka4 52. Kf6 Kb5 53. Ke6 Kc6 54. Ne7+ Kb5 55. Kd6 1-0

[Event "Dhaka rapid (Women) op"]
[Site "Dhaka"]
[Date "2021.03.08"]
[Round "7"]
[White "Israt, Jahan Diba"]
[Black "Fatiha, Eyenoon Diya"]
[Result "1-0"]
[WhiteElo "1459"]
[BlackElo "1283"]
[PlyCount "71"]
[EventDate "2021.03.08"]
[EventType "swiss (rapid)"]
[EventRounds "7"]
[EventCountry "BAN"]
[SourceTitle "CBM 201 Extra"]
[Source "ChessBase"]
[SourceDate "2021.05.31"]
[SourceVersion "1"]
[SourceVersionDate "2021.05.31"]
[SourceQuality "1"]

1. e4 e5 2. Nf3 Nc6 3. Bc4 Bc5 4. c3 Nf6 5. d4 Bd6 6. dxe5 Bxe5 7. 0-0 0-0 8. Re1 d6 9. Bb3 Bg4 10. h3 Bxf3 11. Qxf3 Re8 12. Na3 a5 13. Nc4 Ra6 14. Bg5 h6 15. Bh4 a4 16. Bc2 b5 17. Ne3 Nb8 18. Ng4 Rc6 19. Bd3 g5 20. Bg3 Na6 21. Bxb5 Qd7 22. Bxc6 Qxc6 23. Nxf6+ Bxf6 24. Qxf6 Re6 25. Qf3 Qb5 26. Qe2 Qb7 27. Qd2 Qa7 28. e5 dxe5 29. Qd8+ Kh7 30. Bxe5 Qc5 31. Bd4 Qc6 32. Qf8 Kg6 33. Qg7+ Kf5 34. Qxf7+ Rf6 35. g4+ Kf4 36. Be5+ 1-0

[Event "Dhaka rapid (Women) op"]
[Site "Dhaka"]
[Date "2021.03.08"]
[Round "4"]
[White "Mona, Shammi Aktar"]
[Black "Fatiha, Eyenoon Diya"]
[Result "1-0"]
[WhiteElo "1203"]
[BlackElo "1283"]
[PlyCount "76"]
[EventDate "2021.03.08"]
[EventType "swiss (rapid)"]
[EventRounds "7"]
[EventCountry "BAN"]
[SourceTitle "CBM 201 Extra"]
[Source "ChessBase"]
[SourceDate "2021.05.31"]
[SourceVersion "1"]
[SourceVersionDate "2021.05.31"]
[SourceQuality "1"]

1. e4 e5 2. Nf3 Nc6 3. Nc3 Bc5 4. Be2 Nf6 5. 0-0 d5 6. d3 Be6 7. Bd2 0-0 8. h3 Nh5 9. a3 Nd4 10. Nxe5 Qh4 11. Bxh5 g6 12. Be2 f5 13. Nf3 Qh5 14. Nxd4 Qh4 15. Nxe6 Qe7 16. Nxf8 Rxf8 17. Nxd5 Qd6 18. Nc3 Qe5 19. Qc1 Bd6 20. f4 Qd4+ 21. Be3 Qf6 22. Nd5 Qh4 23. Bf2 Qd8 24. Qd2 c6 25. Nc3 Bc7 26. Rad1 Ba5 27. Qc1 Rf6 28. Kh1 Rd6 29. Kg1 fxe4 30. dxe4 Bxc3 31. bxc3 Qd7 32. Bc5 Rxd1 33. Rxd1 Qc7 34. Bc4+ Kg7 35. Bd4+ Kh6 36. f5+ Kh5 37. Be2+ Kh4 38. Qh6+ Kg3 1-0